Statistics for Capitals AND Countries That Start With K

Click here to take the quiz!

General Stats

  • This quiz has been taken 7,313 times
  • The average score is 14 of 17

Answer Stats

Answer% Correct
CountryKazakhstan
94%
CountryKyrgyzstan
93%
CountryKenya
92%
CountryKiribati
92%
CountryKosovo
89%
CountryKuwait
88%
CapitalKuwait City
80%
CapitalKigali
79%
CapitalKampala
76%
CapitalKabul
74%
CapitalKathmandu
74%
CapitalKinshasa
74%
CapitalKuala Lumpur
72%
CapitalKingston
71%
CapitalKhartoum
70%
CapitalKiev
70%
CapitalKingstown
68%

Score Distribution

Percentile by Number Answered

Percent of People with Each Score

Your Score History

You have not taken this quiz